LEADER 02294nam a2200361 u 4500 001 000000026354 003 CaOOAMICUS 005 20070226111552.0 008 950720s1981 gw f u000 u ger u 020 $a3777281123 035 $a10679511 040 $aPUL(R)$bita 245 00$aZur Geschichte der Juden im Deutschland des späten Mittelalters und der frühen Neuzeit /$cherausgegebenvon Alfred Haverkamp ; Redaktion: Alfred Heit. 260 $aStuttgart :$bHiersemann,$c1981. 300 $axi, 319 p., :$bincl. 4 tav., ;$c25 cm 490 1 $aMonographien zur Geschichte des Mittelalters ;$vBd. 24 650 4$aEbrei$zGermania$yEvo medio.$0(OLS)http://pul/subject/15390 774 0 $aGraus, Franti?ek.$tHistorische Traditionen über Juden im Spätmittelalter (Mitteleuropa)$w()95745 774 0 $aHaverkamp, Alfred.$tDie Judenverfolgungen zur Zeit des Schwarzen Todes im Gesellschaftsgefüge deutscher Städte$w()95746 774 0 $aVoltmer, Ernst.$tZur Geschichte der Juden im spätmittelalterlichen Speyer : Die Jedengemeinde im Spannungsfeld zwischen König, Bischof und Stadt$w()95747 774 0 $aIrsigler, Franz.$tJuden und Lombarden am Niederrehein im 14. Jahrhundert$w()95748 774 0 $aRöll, Walter.$tZu den Judeneiden an der Schwelle der Neuzeit$w()95749 774 0 $aMaimon, Arye.$tDer Judenvertreibungsversuch Albrechts II. von Mainz und sein Mi{BE}erfolg (1515/16)$w()95750 774 0 $aCohen, Daniel J.$tDie Entwicklung der Landesrabbinate in den deutschen Territorien bis zur Emanzipation$w()95751 774 0 $aPress, Volker.$tKaiser Rudolf II. und der Zusammenschlu{BE} der deutschen Judenheit : Die sogenannte Frankfurter Rabbinerverschwörung von 1603 und ihre Folgen$w()95752 830 0$aMonographien zur Geschichte des Mittelalters ;$vBd. 24.$0(OLS)http://pul/title/431 850 $aPUL 852 $aPUL$W1$xSL Filosofia 1$y2$m104 H 24$j36827$nBK-PRI$b $qStampati$B36827$CPULBib$Z2$F36827 $H $81 941 1 $a8 961 $aINV: 48857 996 $6020$a3777281123$9(OLS)http://pul/number/32763 996 $6245$aZur Geschichte der Juden im Deutschland des späten Mittelalters und der frühen Neuzeit$9(OLS)http://pul/title/36186 996 $6260$aStuttgart :$bHiersemann$9(OLS)http://pul/publisher/48047 LEADER 01349nam a2200289 a 4500 001 000000144230 003 CaOOAMICUS 005 20150622111208.0 008 150622s2004 it u000 u ita r 020 $a88-8243-103-7 040 $aPUL$bita 245 02$aL'amore è il distintivo :$bPina Suriano, la sua città e il suo tempo /$ca cura di Massimo Naro. 260 $aSan Cataldo (Caltanissetta) :$bCentro Studi Cammarata ;$aCaltanissetta :$bEdizioni Lussografica,$c2004. 300 $a121 p. ;$c21 cm 490 1 $aSintesi e proposte ;$v33 504 $aBibliografia in nota. 600 14$aSuriano, Pina,$d1915-1950.$0(OLS)http://pul/subject/41869 700 1 $aNaro, Massimo.$0(OLS)http://pul/name/31504 830 0$aSintesi e proposte ;$v33.$0(OLS)http://pul/title/57958 850 $aPUL 852 $aPUL$W1$xDP1 Fondo S. Lanza$y121$m3 D 73$j166294$qFondi$B166877$CPULBib$Z2$F166877 $HLan1514 $82 941 1 $a1 996 $6020$a88-8243-103-7$9(OLS)http://pul/number/157991 996 $6245$aL'amore è il distintivo :$bPina Suriano, la sua città e il suo tempo$9(OLS)http://pul/title/182491 996 $6260$aSan Cataldo (Caltanissetta) :$bCentro Studi Cammarata$9(OLS)http://pul/publisher/65091 996 $6260$aCaltanissetta :$bEdizioni Lussografica$9(OLS)http://pul/publisher/81340